000 00387 a2200109 4500
001 ART_29408
005 20260410161951.0
008 260409a
245 1 0 _aLa persona con discapacidad: el consumidor hipervulnerable en la era del consumo
100 1 _aSisterna, María de las Mercedes
773 0 _tTemas de derecho comercial
_g- Año 1, Nº 5 (mayo 2015)
_wREV28151
999 _c30411
_d30411